000 00356nam a22001457a 4500
008 210315b ||||| |||| 00| 0 eng d
020 _a9780393320046
041 _aeng
080 _a91
082 _a91
100 _a42
101 _aGJEO
245 _aVanishing Borders, Projecting the Planet in the Age of Globalization
_cFrench, H
942 _2udc
_cBK
999 _c56616
_d56616